000 00431nam a22001817a 4500
003 MPLRDC
005 20220104125740.0
008 210129b ||||| |||| 00| 0 eng d
020 _a983-41509-1-1
082 _a868.71 GWH-3
100 _a龚万辉
245 _a准备好了吗
_c
250 _a初版
260 _a马来西亚
_b口袋音乐
_c2004
300 _b104
650 _a马华文学
942 _cBK
_o868.71 GWH-3
999 _c29835
_d29825